[Event "Brasschaat op 15th"]
[Site "Brasschaat"]
[Date "2015.08.21"]
[Round "7"]
[White "Schroer, Marcel"]
[Black "Sinke, Wim"]
[Result "1-0"]
[WhiteElo "2180"]
[BlackElo "1858"]
[PlyCount "43"]
[EventDate "2015.08.15"]
[EventType "swiss"]
[EventRounds "9"]
[EventCountry "BEL"]
[SourceTitle "EXT 2017"]
[Source "ChessBase"]
[SourceDate "2016.10.25"]
[SourceVersion "1"]
[SourceVersionDate "2016.10.25"]
[SourceQuality "1"]

1. c4 g6 2. Nc3 Bg7 3. g3 Nf6 4. Bg2 0-0 5. Nf3 d5 6. cxd5 Nxd5 7. 0-0 c6 8. d4 Nd7 9. e4 Nxc3 10. bxc3 e5 11. Be3 Qa5 12. Qb3 exd4 13. cxd4 Nb6 14. Qc2 Be6 15. Ng5 Bd7 16. a4 Qb4 17. Rfb1 Qc4 18. Qd2 c5 19. Bf1 cxd4 20. Bxc4 dxe3 21. fxe3 Bxa4 22. Bxf7+ 1-0

[Event "Brasschaat op 15th"]
[Site "Brasschaat"]
[Date "2015.08.16"]
[Round "2"]
[White "Dauw, Sterre"]
[Black "Schroer, Marcel"]
[Result "0-1"]
[WhiteElo "1366"]
[BlackElo "2180"]
[PlyCount "104"]
[EventDate "2015.08.15"]
[EventType "swiss"]
[EventRounds "9"]
[EventCountry "BEL"]
[SourceTitle "EXT 2016"]
[Source "ChessBase"]
[SourceDate "2015.10.08"]
[SourceVersion "1"]
[SourceVersionDate "2015.10.08"]
[SourceQuality "1"]

1. Nf3 Nf6 2. g3 g6 3. Bg2 Bg7 4. 0-0 0-0 5. c4 d6 6. d4 c6 7. Nc3 Qa5 8. a3 e5 9. b4 Qc7 10. e4 exd4 11. Nxd4 Nbd7 12. f4 Re8 13. Bb2 a6 14. Qd3 Nb6 15. Nc2 Be6 16. Ne3 Rad8 17. f5 Bc8 18. Rad1 Qe7 19. g4 Nfd7 20. Qxd6 Qg5 21. Qg3 Be5 22. Qf2 Qe7 23. c5 Na8 24. Nc4 Nc7 25. Nxe5 Nxe5 26. h3 Nd3 27. Qe2 Nxb2 28. Qxb2 Qe5 29. Na4 Qg3 30. Qc3 Qxc3 31. Nxc3 h5 32. Rxd8 Rxd8 33. Rd1 Rxd1+ 34. Nxd1 Nb5 35. a4 Nd4 36. Nc3 Kg7 37. Kf2 Kf6 38. Bf1 hxg4 39. hxg4 Ke5 40. a5 Nc2 41. Na4 Kxe4 42. Nb6 gxf5 43. gxf5 Bxf5 44. Nc4 Kd4 45. Nd6 Be6 46. Nxb7 Nxb4 47. Bg2 Bd5 48. Bxd5 Kxd5 49. Ke3 f6 50. Kf4 Nd3+ 51. Kf5 Nxc5 52. Nxc5 Kxc5 0-1

[Event "SCO-ch 122nd"]
[Site "Edinburgh"]
[Date "2015.07.18"]
[Round "8"]
[White "Schroer, Marcel"]
[Black "Burnett, Walter"]
[Result "1-0"]
[WhiteElo "2183"]
[BlackElo "1983"]
[PlyCount "151"]
[EventDate "2015.07.11"]
[EventType "swiss"]
[EventRounds "9"]
[EventCountry "SCO"]
[SourceTitle "CBM 167 Extra"]
[Source "ChessBase"]
[SourceDate "2015.09.14"]
[SourceVersion "1"]
[SourceVersionDate "2015.09.14"]
[SourceQuality "1"]

1. c4 e5 2. g3 Nc6 3. Bg2 g6 4. Nc3 d6 5. e4 h5 6. h4 Nd4 7. d3 Bh6 8. Nce2 c5 9. Nxd4 Qa5+ 10. Bd2 Bxd2+ 11. Qxd2 Qxd2+ 12. Kxd2 cxd4 13. Ne2 Nf6 14. Rac1 Ng4 15. f3 Ne3 16. Bh3 b6 17. Nc3 dxc3+ 18. Kxe3 cxb2 19. Rb1 Ke7 20. Rxb2 Bxh3 21. Rxh3 Rac8 22. Rb5 Rc5 23. a4 Rb8 24. Rh2 a6 25. Rb4 Ra5 26. Ra2 Kd7 27. g4 hxg4 28. fxg4 Kc6 29. Rbb2 Kc5 30. h5 gxh5 31. gxh5 Rh8 32. Rh2 Kb4 33. h6 Rxa4 34. Rag2 b5 35. Rg8 Kc3 36. h7 Rxh7 37. Rxh7 b4 38. Rxf7 b3 39. Rb7 a5 40. Rc8 Rb4 41. Rxb4 axb4 42. c5 b2 43. cxd6+ Kb3 44. d7 b1Q 45. d8Q Qg1+ 46. Kf3 Kb2 47. Rb8 b3 48. Qd5 Qf1+ 49. Kg4 Qf4+ 50. Kh5 Ka1 51. Rxb3 Qh2+ 52. Kg6 Qg1+ 53. Kf6 Qb6+ 54. Kxe5 Qxb3 55. Qa5+ Kb1 56. Qe1+ Kc2 57. Qf2+ Kb1 58. Qd4 Qb8+ 59. Qd6 Qh8+ 60. Kd5 Qg8+ 61. Kc5 Kc2 62. e5 Qg1+ 63. d4 Qg5 64. Kb6 Qf4 65. Qd7 Kd3 66. e6 Qb8+ 67. Kc5 Qb3 68. d5 Qc4+ 69. Kb6 Qd4+ 70. Ka6 Qa1+ 71. Kb7 Qb2+ 72. Kc8 Qc3+ 73. Kd8 Qa5+ 74. Ke8 Ke4 75. e7 Ke5 76. Kf7 1-0

[Event "SCO-ch 122nd"]
[Site "Edinburgh"]
[Date "2015.07.13"]
[Round "3"]
[White "Farago, Ivan"]
[Black "Schroer, Marcel"]
[Result "1-0"]
[WhiteElo "2417"]
[BlackElo "2183"]
[PlyCount "81"]
[EventDate "2015.07.11"]
[EventType "swiss"]
[EventRounds "9"]
[EventCountry "SCO"]
[SourceTitle "CBM 167 Extra"]
[Source "ChessBase"]
[SourceDate "2015.09.14"]
[SourceVersion "1"]
[SourceVersionDate "2015.09.14"]
[SourceQuality "1"]

1. d4 g6 2. c4 Bg7 3. e4 d6 4. Nc3 Nf6 5. Be2 0-0 6. Nf3 e5 7. 0-0 exd4 8. Nxd4 Re8 9. f3 c6 10. Bf4 Nh5 11. Be3 Nd7 12. Qd2 Qc7 13. Rfd1 a5 14. Rac1 Ne5 15. b3 Qe7 16. Bf1 Bf8 17. Nde2 f5 18. Bh6 Bxh6 19. Qxh6 Be6 20. exf5 Bxf5 21. Nd4 Nf7 22. Qd2 Ng7 23. Qf2 Qf6 24. Rd2 g5 25. Rcd1 Bg6 26. Bd3 Ne6 27. Bxg6 Qxg6 28. Nde2 Ng7 29. Ng3 Nf5 30. Nxf5 Qxf5 31. Ne4 Rad8 32. Qg3 d5 33. cxd5 Rxd5 34. Rxd5 cxd5 35. Rxd5 Qg6 36. h4 Rxe4 37. fxe4 Qxe4 38. Rxa5 Qd4+ 39. Kh2 h6 40. Ra8+ Kg7 41. Ra4 1-0

[Event "Maastricht Limburg op-A 9th"]
[Site "Maastricht"]
[Date "2015.05.25"]
[Round "6"]
[White "Schroer, Marcel"]
[Black "Kalisvaart, Peter"]
[Result "1-0"]
[WhiteElo "2186"]
[BlackElo "2101"]
[PlyCount "111"]
[EventDate "2015.05.22"]
[EventType "swiss"]
[EventRounds "7"]
[EventCountry "NED"]
[SourceTitle "CBM 166 Extra"]
[Source "ChessBase"]
[SourceDate "2015.06.18"]
[SourceVersion "1"]
[SourceVersionDate "2015.06.18"]
[SourceQuality "1"]

1. d4 d5 2. c4 Nc6 3. cxd5 Qxd5 4. Nf3 e5 5. Nc3 Bb4 6. Bd2 Bxc3 7. Bxc3 e4 8. Ne5 Nxe5 9. dxe5 Qxd1+ 10. Rxd1 Be6 11. a3 Ne7 12. e3 Rd8 13. Rxd8+ Kxd8 14. Be2 Ng6 15. f4 exf3 16. gxf3 Re8 17. Kf2 Bb3 18. f4 Bc2 19. Bf3 c6 20. Bd4 a6 21. h4 Kc7 22. h5 Ne7 23. e4 b6 24. Rg1 g6 25. hxg6 hxg6 26. Rh1 c5 27. Bc3 Nc6 28. Rh7 Bb3 29. Bg4 Re7 30. Rg7 b5 31. Ke3 a5 32. Be1 Kb6 33. Bh4 Re8 34. e6 Bxe6 35. Bxe6 Rxe6 36. Rxf7 Nd4 37. Rf6 Nf5+ 38. Kd3 c4+ 39. Kc3 Rxf6 40. Bxf6 Ng3 41. Kd4 Kc6 42. Bd8 a4 43. Ke3 Nh5 44. Ba5 Nf6 45. Kd4 Nd7 46. Bb4 Nf6 47. Ke5 Nd7+ 48. Ke6 Nc5+ 49. Bxc5 Kxc5 50. f5 gxf5 51. exf5 b4 52. f6 bxa3 53. bxa3 c3 54. f7 c2 55. f8Q+ Kc4 56. Qf1+ 1-0